| 000 | 00544nam a2200193Ia 4500 | ||
|---|---|---|---|
| 003 | IEPS | ||
| 005 | 20250703135301.0 | ||
| 008 | 250223s9999||||xx |||||||||||||| ||und|| | ||
| 040 | _CIEPS | ||
| 041 | _aara | ||
| 082 | _a152.4 | ||
| 245 | 0 | _aالإنفعال الغريزي | |
| 245 | 0 | _bالتحليل النفسي | |
| 260 |
_aبيروت _bEdition creps international _c2005 |
||
| 300 |
_a232 ص. _c24 سم. |
||
| 490 | _aموسوعة علم النفس للتربية و التعليم | ||
| 653 | _aعلم النفس | ||
| 942 | _cكتاب | ||
| 999 |
_c12428 _d12428 |
||